000 00655nam a22002413a 4500
999 _c6568
_d6568
001 6568
003 BD-JhCC
005 20180125171213.0
008 180125s1967 xx 000 0 und d
035 _aOCLC pks02817887 from D950607K
_a(BD-JhCC)6568
040 _aEQO
_cEQO
_dBD-JhCC
041 _aeng
082 _bCAI 1967
_a428.6
100 1 _aCairns, John C.
245 1 0 _aObjective questions in English language /
_cJohn Cairns, Philip D Peterside A. Scott
260 _aLagos,
_c1967
300 _a127 p. :
_c28 cm.
650 _aEnglish Language
700 1 _aScott, Ann.
700 1 _a Peterside, Philip D
942 _2ddc
_cBK